Claims to Fame - Statistics

General Stats
  • This quiz has been taken 14 times
  • The average score is 7 of 15
Answer Stats
Question Answer % Correct
Mary Ann Nichols (1845 - 1888) First victim of Jack the Ripper
91%
Glen William Bell Jr. (1923 - 2010) Founder of Taco Bell restaurant chain
73%
David Howell Evans (1961 - ) Guitarist with U2
73%
Gordon Trueman Riviere Waller (1945 - 2009) Half of British '60s pop duo, Peter and Gordon
64%
Barry Eugene Carter (1944 - 2003) Real name of soul singer Barry White
64%
Ernest Michael McSorley (1912 - 1975) Captain of the SS Edmund Fitzgerald that sank in Lake Superior
55%
Alfred Lennon (1912 -1976) Father of Beatle, John Lennon
55%
Grant Wood (1891 - 1942) US artist known for his paintings depicting the rural American Midwest
55%
Fujio Masuoka (1943 - ) Inventor of Flash memory
45%
Susan Diane Wojcicki (1968 - ) CEO of Youtube
27%
Albert Mussey Johnson (1872 - 1948) Eccentric Millionaire that built Scotty's Castle in Death Valley
18%
Rachel Johnson (1923 - 2016) Last native of St.Kilda island, Scotland
18%
Howard Spencer (1875 - 1940) Captain of Aston Villa FC. a.k.a. "Prince of Fullbacks"
9%
Fabian Picardo (1972 - ) Chief Minister of Gibraltar
9%
Thomas Barnaby (1841 - 1907) Micmac chief of the Eel Ground First Nation of New Brunswick
9%
No matching quizzes found
Score Distribution
Percent of People with Each Score
Percentile by Number Answered
Your Score History
You have not taken this quiz